000 01086nam a2200301 a 4500
001 000111468
003 CHAP
005 20220329144212.0
008 150511s2015 mx sm |||||||spa d
010 _a107930
011 _a108902
040 _cCHAP
090 _aTesis
100 1 _aMendoza García, Beatriz
_9129346
245 1 0 _aEvaluación del rendimiento de 14 híbridos de maíz(Zea mays L.) blanco, bajo condiciones de temporal en Valles Altos de México
_h[En línea]
_cpor Beatriz Mendoza García.
260 _aChapingo, Méx. :
_bEl autor,
_c2015.
500 _aPara ver el contenido del material haga clic en la liga
502 _aTesis (Ing. Agr. Esp. en Fitotecia) -- UACH. Departamento de Fitotecnia
590 _aE5765TAJ
_b05
_c20150511
_lUCH01
_h1149
590 _aE5765TAJ
_b05
_c20150511
_lUCH01
_h1150
650 1 4 _aMaíz Híbridos.
_971115
650 1 4 _aMaíz
_xRendimiento.
_971051
650 1 4 _aMaíz
_xVariedades.
_971081
856 _aFinding aid
_uhttp://10.13.5.2/tesis/sist111468.pdf
_zTeclea aquí
901 _aBK
942 _cTESIS
942 _n0
999 _c107930
_d107930